000 00336nam a2200121Ia 4500
005 20251222144919.0
008 251222s9999||||xx |||||||||||||| ||spa||
082 _a259.087/C88
100 _aFernando Crespo, Luis
245 0 _aVocación cristiana y tarea de los jóvenes
264 _bCentro de Estudios y Publicaciones
942 _cLIB
999 _c22653
_d22653